书目信息 |
| 题名: |
计算机制全息图
|
|
| 作者: | 虞祖良 , 金国藩 编著 | |
| 分册: | ||
| 出版信息: | 北京 清华大学出版社 1984.10 |
|
| 页数: | 194页 | |
| 开本: | 26cm | |
| 丛书名: | ||
| 单 册: | ||
| 中图分类: | TB877 | |
| 科图分类: | ||
| 主题词: | 摄影技术 | |
| 电子资源: | ||
| ISBN: | ||
| 000 | 00590nam0 2200205 45 | |
| 001 | 0312221749 | |
| 005 | 20031222170909.2 | |
| 010 | @dCNY2.50 | |
| 100 | @a20031222d1984 km y0chiy0120 ea | |
| 101 | @achi | |
| 105 | @a z 000yy | |
| 200 | 1 | @a计算机制全息图@AJi Suan Ji Zhi Quan Xi Tu@f虞祖良,金国藩编著@FYu Zu Liang,Jin Guo Fan Bian Zhu |
| 210 | @a北京@c清华大学出版社@d1984.10 | |
| 215 | @a194页@d26cm | |
| 606 | 0 | @a摄影技术 |
| 690 | @aTB877@v3 | |
| 701 | 0 | @a虞祖良@4编著 |
| 701 | 0 | @a金国藩@4编著 |
| 801 | @aCN@bTSTCL@c20031222 | |
| 905 | @a213230@dTB877@e29@b175149@f1@b216514@f1 | |
| 计算机制全息图/虞祖良,金国藩编著.-北京:清华大学出版社,1984.10 |
| 194页;26cm |
| ISBN :CNY2.50 |
| ● |
| 相关链接 |
|
|
|
|
正题名:计算机制全息图
索取号:TB877/29
 
预约/预借
| 序号 | 登录号 | 条形码 | 馆藏地/架位号 | 状态 | 备注 |
| 1 | 0175149 | 001361047 | 第二样本阅览室/ [索取号:TB877/29] | 在馆 | |
| 2 | 0216514 | 001361001 | 第二样本阅览室/ [索取号:TB877/29] | 在馆 |